Statistics for Provinces of Canada Flags Quiz

Click here to take the quiz!

General Stats

  • This quiz has been taken 28 times
  • The average score is 10 of 13

Answer Stats

Answer% Correct
British Columbia
100%
Ontario
100%
Quebec
100%
Alberta
94%
Manitoba
94%
Nunavut
94%
Saskatchewan
88%
North West Territories
75%
New Brunswick
63%
Nova Scotia
56%
Prince Edward Island
56%
Newfoundland and Labrador
44%
Yukon Territories
38%

Score Distribution

Percentile by Number Answered

Percent of People with Each Score

Your Score History

You have not taken this quiz